The effect of network formation on the rheological properties of SBR modified asphalt binders (Record no. 70626)

MARC details
000 -LEADER
fixed length control field 00467nam a2200169Ia 4500
100 ## - MAIN ENTRY--AUTHOR NAME
Personal name Lee Y -J
245 #4 - TITLE STATEMENT
Title The effect of network formation on the rheological properties of SBR modified asphalt binders
260 ## - PUBLICATION, DISTRIBUTION, ETC. (IMPRINT)
Name of publisher Rubber India
Year of publication 1997
300 ## - PHYSICAL DESCRIPTION
Number of Pages 17-23
650 ## - SUBJECT ADDED ENTRY--TOPICAL TERM
Topical Term Asphalt binders
650 ## - SUBJECT ADDED ENTRY--TOPICAL TERM
Topical Term Rheological properties
700 ## - ADDED ENTRY--PERSONAL NAME
Personal name France M
700 ## - ADDED ENTRY--PERSONAL NAME
Personal name Hawley M C
700 ## - ADDED ENTRY--PERSONAL NAME
Personal name Lawrence
942 ## - ADDED ENTRY ELEMENTS (KOHA)
Koha item type Journals
Holdings
Withdrawn status Lost status Damaged status Not for loan Home library Current library Shelving location Date acquired Serial Enumeration / chronology Koha item type
      Journals RRII Library RRII Library Rubber chemistry 17/12/2021 Volume 49, Issue 12 Journals